000 00377nam a22001337a 4500
005 20260225144340.0
020 _a81-969808-5-X
082 _a579.8177RAN/H
100 _aRani,Bina and Mohan,Lalit et al
_910949
245 _aHealthcare Attributes of Marine Algae/
_cby Bina Rani and Lalit Mohan et al
260 _a.-Newdelhi
_b:DPH
_c,2025
300 _a247p
942 _2ddc
_cBK
999 _c757037
_d757037